Jana gana mana (The people's voice) / | जन गण मन / (Record no. 11873)

000 -LEADER
fixed length control field 00529nam a22001937a 4500
008 - FIXED-LENGTH DATA ELEMENTS--GENERAL INFORMATION
fixed length control field 210113b ||||| |||| 00| 0 eng d
020 ## - INTERNATIONAL STANDARD BOOK NUMBER
Terms of availability Rs.90.00
041 0# - LANGUAGE CODE
Language code of text/sound track or separate title hin
082 00 - DEWEY DECIMAL CLASSIFICATION NUMBER
Classification number 891.43
Item number M6843
100 ## - MAIN ENTRY--PERSONAL NAME
9 (RLIN) 3451
Personal name Mitra, Bimal
245 10 - TITLE STATEMENT
Title Jana gana mana (The people's voice) /
Title जन गण मन /
250 ## - EDITION STATEMENT
Edition statement 1st ed.
260 ## - PUBLICATION, DISTRIBUTION, ETC. (IMPRINT)
Place of publication, distribution, etc Delhi:
Name of publisher, distributor, etc sanmarg prakashan,
Date of publication, distribution, etc 1991.
300 ## - PHYSICAL DESCRIPTION
Extent 208 p.
365 ## - TRADE PRICE
Price amount INR 90.00
650 #0 - SUBJECT ADDED ENTRY--TOPICAL TERM
Topical term or geographic name as entry element Hindi fiction
942 ## - ADDED ENTRY ELEMENTS (KOHA)
Item type Books
Holdings
Withdrawn status Lost status Source of classification or shelving scheme Damaged status Not for loan Permanent location Current location Date acquired Full call number Barcode Date last seen Koha item type
          IMU Kolkata IMU Kolkata 2021-01-13 891.43 M6843 08377 2021-01-13 Books
Designed and Maintained by IMU-KC Library, Kolkata Campus © Copyright All Rights Reserved

webs counters

Powered by Koha